| 000 | 00945nam a22002897a 4500 | ||
|---|---|---|---|
| 999 |
_c29441 _d29412 |
||
| 003 | EG-ScBUE | ||
| 005 | 20210920110950.0 | ||
| 008 | 200219s2011 enka f 000 0 eng d | ||
| 020 | _a9781409121008 | ||
| 040 |
_aEG-ScBUE _beng _drda _eEG-ScBUE _cEG-ScBUE |
||
| 082 | 0 | 4 |
_a153.6902465 _bPEA _222 |
| 100 | 1 |
_aPease, Allan, _dAuthor. |
|
| 245 | 1 | 0 |
_aBody language in the work place / _cAllan & Barbara Pease. |
| 264 | 1 |
_aLondon : _bOrion Books, _c2011. |
|
| 300 |
_a175 pages : _bIllustrations ; _c12 cm |
||
| 336 |
_2rdacontent _atext _btxt |
||
| 337 |
_2rdamedia _aunmediated _bn |
||
| 338 |
_2rdacarrier _avolume _bnc |
||
| 650 | 7 |
_aBody language. _2BUEsh |
|
| 650 | 7 |
_aNonverbal communication in the workplace. _2BUEsh |
|
| 650 | 7 |
_aPsychology, Industrial. _2BUEsh |
|
| 653 | 7 |
_aBUEsh _bHHUUPPSS _cSeptember2021 _dBestSellers |
|
| 655 |
_vReading book _934232 |
||
| 700 | 1 |
_aPease, Barbara, _eauthor. |
|
| 942 |
_2ddc _cBB |
||